000 00322nam a2200097Ia 4500
008 220120s9999||||xx |||||||||||||| ||und||
100 _aKalpitha Uthappa and others
_912580
245 0 _aDevelopment of system software for wind analysis
260 _aCoorg Institute of Technology
_bPonnampet
_c2015
650 _aCOMPUTER SCIENCE
999 _c138178
_d138178